00274nam a2200121Ia 4500008004100000041000900041082001500050100001700065245001800082260003600100300000800136650000800144230718s9999 xx 000 0 und d aEng. a340bMAH-J aMahyan, V. D 0aJurisprudence aPakistanbImran leur bookc1887 a742 aLaw